000 00641nam a2200217Ia 4500
005 20241129110007.0
008 241129s9999||||xx |||||||||||||| ||und||
020 _a9780691171630
037 _aTB
040 _aARTS
_beng
_cARTS
041 _aeng
_2eng
084 _aL9F:393 Q9
_qARTS
100 _aMattern Susan P. Au.
_9726776
245 0 _aSlow moon climbs: the science. history, and meaning of menopause
_cMattern Susan P. Au.
260 _aPrinceton, USA
_bPrinceton University Press
_c2022
300 _a466p.
365 _aUSD
_b29.95
650 _aMedicine
942 _cTB
_hL9F:393 Q9
999 _c1226905
_d1226905